| 000 | 01745nam a2200325 i 4500 | ||
|---|---|---|---|
| 003 | DO-SdBNP | ||
| 005 | 20240503073631.0 | ||
| 007 | ta | ||
| 008 | 230323b2008 pe abc|| |||| 00| 0 spa d | ||
| 020 | _a9788466320405 | ||
| 040 |
_aDO-SdBNP _bspa _cBNPHU _erda |
||
| 082 | 4 |
_a863.3 _bC419d 2008 _222 |
|
| 100 | 1 |
_aCervantes Saavedra, Miguel de, _d1547-1616 _93070 |
|
| 245 | 1 | 0 |
_aDon Quijote de la Mancha / _cMiguel de Cervantes ; edición, notas y anexos de Francisco Rico |
| 264 |
_aPerú : _bSantillana; Punto de lectura, _c2008. |
||
| 300 |
_ax, 1333 páginas : _bilustraciones, mapas y retratos ; _c21 cm. |
||
| 336 |
_2rdacontent _atexto _btxt |
||
| 337 |
_2rdamedia _asin mediación _bn |
||
| 338 |
_2rdacarrier _avolumen _bnc |
||
| 500 | _aIncluye referencias bibliográficas y notas al pie de las páginas | ||
| 500 | _aIncluye índice | ||
| 505 | 0 |
_aNota preliminar-- _tDon Quijote de la Mancha-- _tPrimera parte-- _tSegunda parte-- _tNota complementaria-- _tLa pérdida del rucio según la segunda y la ercera edición-- _tAnexos-- _tUn prólogo al Quijote-- _tNota al texto-- _tEsta edición-- _tVida y obra de Cervanes-- _tObservaciones sobre la lengua del Quijote-- _tGuía bibliográfica- _tIlustraciones-- _tRefranes-- _tTemas y pasajes memorables -- _tCitas, obras y autores -- _tNombres _tPalabras, locuciones y modismos-- _tSinopsis del argumento-- _tTabla general. |
|
| 534 |
_aCervantes Saavedra, Miguel de. El ingenioso hidalgo Don Qvixote de la Mancha; dirigido al Dvqve de Beiar _cMadrid, 1605 |
||
| 590 | _aInventariado, 2023/BT | ||
| 650 | 4 |
_aNovela española _91123 |
|
| 650 | 4 |
_aLiteratura española _9632 |
|
| 700 | 1 |
_aRico, Francisco, _eedición _97816 |
|
| 910 | _aBtavárez/Validado. Control de calidad MFF | ||
| 942 |
_2ddc _cLBS1 |
||
| 999 |
_c53163 _d53163 |
||